Nursing the nurse: affirmations (Record no. 32221)

MARC details
000 -LEADER
fixed length control field 00668nam a2200181 a 4500
008 - FIXED-LENGTH DATA ELEMENTS--GENERAL INFORMATION
fixed length control field 111202s2001 ||||||||||||||||| || u
020 ## - INTERNATIONAL STANDARD BOOK NUMBER
International Standard Book Number 1565330404
050 ## - LIBRARY OF CONGRESS CALL NUMBER
Classification number RT 86 Sta
100 ## - MAIN ENTRY--PERSONAL NAME
Personal name Staudt, Gail
245 10 - TITLE STATEMENT
Title Nursing the nurse: affirmations
260 ## - PUBLICATION, DISTRIBUTION, ETC.
Place of publication, distribution, etc. Burtonsville, MD
Name of publisher, distributor, etc. Meds Publishing
Date of publication, distribution, etc. 2001
300 ## - PHYSICAL DESCRIPTION
Extent 107p.: ill.
350 ## -
-- 0.00
650 ## - SUBJECT ADDED ENTRY--TOPICAL TERM
Topical term or geographic name entry element NURSING--HANDBOOKS, MANUALS, ETC
650 ## - SUBJECT ADDED ENTRY--TOPICAL TERM
Topical term or geographic name entry element NURSING--PSYCHOLOGICAL ASPECTS
650 ## - SUBJECT ADDED ENTRY--TOPICAL TERM
Topical term or geographic name entry element NURSING--PHILOSOPHY
995 ## -
-- MEDICAL LIBRARY OPEN ACCESS
-- 0.00
-- 901103
-- CBU-SCHOOL OF MEDICINE LIBRARY (Ndola)
-- 1
-- 0.00
-- RT 86 Sta
-- 1
-- AVAILABLE
-- Dec 2, 2011
-- 901103
-- Medical Library Open Access Collection
999 ## -
-- 32221
-- 32221
Holdings
Withdrawn status Lost status Source of classification or shelving scheme Damaged status Not for loan Permanent Location Current Location Shelving location Date acquired Total Checkouts Full call number Barcode Date last seen Price effective from Koha item type
          CBU-SCHOOL OF MEDICINE LIBRARY, NDOLA. CBU-SCHOOL OF MEDICINE LIBRARY, NDOLA.   11/30/2022   RT 86 Sta 901103 11/30/2022 11/30/2022 MONOGRAPH